Over Each Other - Linkin Park - All Lyrics - Statistics

General Stats
  • This quiz has been taken 109 times
  • The average score is 171 of 205
Answer Stats
Answer % Correct
I,
100%
I
100%
over
100%
(Over
100%
Over
100%
a
98%
each
98%
other
98%
other)
98%
other?
98%
is
96%
are
95%
Are
95%
we
95%
We
95%
you
95%
and
93%
And
93%
the
93%
The
93%
oh
91%
(Oh)
91%
I'm
89%
talkin'
89%
All
87%
all
87%
This
87%
let
85%
me
85%
not
85%
to
85%
in
84%
of
82%
that
82%
your
82%
won't
80%
breath,
78%
didn't
78%
for
78%
letter
78%
go
76%
on
76%
so
76%
So
76%
write
76%
black
75%
was
75%
white
75%
ever
73%
my
73%
Under
73%
created
71%
ground
71%
Lookin'
71%
color
69%
Skyscrapers
69%
skyscrapers
69%
tired
69%
wrong,
69%
breathe
67%
But
67%
but
67%
be
65%
comin'
65%
down
65%
It's
65%
right
65%
say
65%
time
65%
'Cause
64%
shaky
64%
underneath
64%
you're
64%
can't
62%
find
62%
patience
60%
sleep
60%
waste
60%
lie
58%
There's
58%
at
56%
free-fallin'
56%
night
56%
pavement
56%
tryna
56%
nothin'
55%
satellites,
55%
sayin'
55%
see
55%
have
53%
awake
51%
Reaching
51%
don't
49%
wanna
49%
what's
49%
side
42%
along
38%
No matching quizzes found
Score Distribution
Percent of People with Each Score
Percentile by Number Answered
Your Score History
You have not taken this quiz